[Event "Kalamazoo (Mini-Swiss.1/1)"]
[Site "?"]
[Date "1996.??.??"]
[Round "?"]
[White "Griffin, John"]
[Black "Ferguson, G."]
[Result "1/2-1/2"]
[WhiteElo "1605"]
[BlackElo "1840"]
[PlyCount "170"]
[EventDate "1996.??.??"]

{1/(1)} 1. d4 Nf6 2. c4 c5 3. d5 b5 4. cxb5 a6 5. e3 Bb7 6. Nc3 Qa5 7. Bd2 axb5
8. Bxb5 g6 9. a4 Qc7 10. Nf3 Bg7 11. O-O Nxd5 12. Nxd5 Bxd5 13. Bc3 Bxc3 14.
Qxd5 Nc6 15. bxc3 O-O 16. Rfd1 Ra7 17. Qxc5 Rc8 18. Nd4 Qa5 19. Nb3 Qc7 20. c4
Qb8 21. Qg5 d6 22. c5 dxc5 23. Nxc5 Ne5 24. Na6 f6 25. Nxb8 fxg5 26. Rd5 Ng4
27. Rxg5 Nf6 28. Nc6 Rac7 29. Re5 Kf7 30. f3 e6 31. Rc5 Nd7 32. Ne5+ Nxe5 33.
Rxe5 Rc2 34. a5 Kf6 35. Re4 Rb2 36. a6 Rxb5 37. Rd4 Rb2 38. a7 Ra8 39. Rd7 h5
40. Rd6 Rb7 41. Raa6 Re7 42. Rdb6 Raxa7 43. Rxe6+ Rxe6 44. Rxa7 Rxe3 45. Ra6+
Kf5 46. Kf2 Rb3 47. Kg3 Rb2 48. Ra5+ Kf6 49. h4 Re2 50. Kf4 Rxg2 51. Ra6+ Kg7
52. Ra7+ Kh6 53. Ra8 Rg1 54. Ke5 Rg3 55. f4 Rg4 56. f5 gxf5 57. Kf6 Kh7 58.
Ra7+ Kh6 59. Ra8 Rg6+ 60. Kxf5 Rg4 61. Ra6+ Kg7 62. Ra7+ Kh6 63. Ra6+ Kh7 64.
Ra7+ Kg8 65. Ra8+ Kf7 66. Ra7+ Kg8 67. Ra8+ Kf7 68. Ra7+ Ke8 69. Rh7 Rxh4 70.
Kg5 Rh1 71. Rxh5 Rg1+ 72. Kf5 Kd7 73. Ke5 Re1+ 74. Kd5 Rd1+ 75. Kc5 Ke6 76. Kc6
Rc1+ 77. Kb5 Rb1+ 78. Kc5 Rc1+ 79. Kd4 Rc8 80. Rh6+ Kf5 81. Rh5+ Kg4 82. Ra5
Kf4 83. Kd5 Rf8 84. Ke6 Rb8 85. Ra4+ Ke3 1/2-1/2

[Event "Kalamazoo (MI Am/1/24)"]
[Site "?"]
[Date "1996.??.??"]
[Round "?"]
[White "Griffin, John"]
[Black "Evans Sr., Thomas"]
[Result "1-0"]
[WhiteElo "1605"]
[BlackElo "1605"]
[PlyCount "59"]
[EventDate "1996.??.??"]

{1/(24)} 1. d4 e6 2. c4 d5 3. Nf3 Nf6 4. g3 Be7 5. Bg2 O-O 6. O-O c5 7. cxd5
exd5 8. dxc5 Bxc5 9. Bg5 Be6 10. Nd4 Bxd4 11. Qxd4 Nbd7 12. Nc3 Qa5 13. b4 Qb6
14. Qxb6 axb6 15. Nb5 Ne8 16. Be7 Ndf6 17. Rfc1 g6 18. Bxf8 Kxf8 19. Nc7 Nxc7
20. Rxc7 Rb8 21. a4 Ne8 22. Rc3 Nd6 23. a5 bxa5 24. bxa5 Nc4 25. a6 Ra8 26. a7
b6 27. Rxc4 Ke7 28. Rc7+ Kd6 29. Rb7 Bc8 30. Rb8 1-0

[Event "Detroit (Class B/5/10)"]
[Site "?"]
[Date "1996.??.??"]
[Round "?"]
[White "Griffin, John"]
[Black "Blanchard, Robert"]
[Result "1-0"]
[WhiteElo "1605"]
[BlackElo "1690"]
[PlyCount "171"]
[EventDate "1996.??.??"]

{5/(10)} 1. d4 Nf6 2. c4 g6 3. g3 Bg7 4. Bg2 O-O 5. Nf3 d6 6. Nc3 Nbd7 7. O-O
e5 8. e4 h6 9. h3 c6 10. Be3 a6 11. Qd2 Kh7 12. Rad1 Qe7 13. dxe5 dxe5 14. Nh4
Nc5 15. Qd6 Qxd6 16. Rxd6 Ne6 17. Nf3 Ne8 18. Rd2 N8c7 19. Na4 b5 20. Nb6 Rb8
21. c5 Re8 22. b4 Rd8 23. Rfd1 Rxd2 24. Rxd2 Kg8 25. h4 Kf8 26. Rd6 Ke8 27.
Nxc8 Rxc8 28. Nh2 Rd8 29. Rxd8+ Kxd8 30. Ng4 h5 31. Bh6 Bh8 32. Ne3 Nd4 33. f4
Ke7 34. f5 Ne2+ 35. Kf2 Nd4 36. Ke1 Ne8 37. Kd2 Kd8 38. Nc2 Nxc2 39. Kxc2 Kc7
40. Kd3 Nf6 41. Bf8 Ng4 42. Bd6+ Kd8 43. Ke2 Bg7 44. Bf3 Kd7 45. Kd3 Nh2 46.
Bd1 Bf6 47. Bf8 Kd8 48. Bh6 Nf1 49. g4 hxg4 50. Bxg4 Bxh4 51. fxg6 fxg6 52. Bg7
Nh2 53. Bh3 Bg3 54. Bf6+ Kc7 55. Ke2 Bf4 56. Bh4 g5 57. Be1 g4 58. Bg2 g3 59.
Bh3 Bg5 60. Bxg3 Bf4 61. Be1 Bg5 62. Bg3 Bf4 63. Bxf4 exf4 64. Kf2 f3 65. Kg3
f2 66. Kxh2 Kd8 67. Kg2 Ke7 68. Kxf2 Kf6 69. Bc8 Ke5 70. Ke3 Kf6 71. Bxa6 Ke7
72. Bc8 Kd8 73. Bg4 Kc7 74. Kf4 Kd8 75. Ke5 Ke7 76. Bd1 Kd7 77. a4 bxa4 78.
Bxa4 Kc7 79. Ke6 Kb7 80. Kd6 Ka6 81. e5 Kb7 82. e6 Kc8 83. e7 Kb7 84. Bxc6+ Ka7
85. e8=Q Ka6 86. Qa8# 1-0

[Event "Detroit (Class C/2/13)"]
[Site "?"]
[Date "1996.??.??"]
[Round "?"]
[White "Gregg, Ted"]
[Black "Tsuji, J."]
[Result "1-0"]
[WhiteElo "1605"]
[BlackElo "1605"]
[PlyCount "73"]
[EventDate "1996.??.??"]

{2/(13)} 1. f4 Nf6 2. b3 e6 3. e3 b6 4. Nf3 Bb7 5. Bb2 Be7 6. Be2 O-O 7. O-O d6
8. Ng5 Nbd7 9. Bf3 d5 10. d3 h6 11. Nh3 c5 12. Nd2 Qc7 13. Qe1 Bd6 14. Qh4 e5
15. f5 Rfe8 16. e4 dxe4 17. Bxe4 Nxe4 18. Nxe4 Be7 19. Qg3 Bxe4 20. dxe4 c4 21.
Rad1 cxb3 22. cxb3 Rad8 23. Bc1 Kh8 24. Kh1 Nf6 25. Nf2 Bc5 26. Qc3 Qb8 27.
Rde1 Qb7 28. Qf3 Rd7 29. Ng4 Nxg4 30. Qxg4 f6 31. Qg6 Red8 32. Bxh6 gxh6 33.
Qxh6+ Rh7 34. Qxf6+ Rg7 35. Qxd8+ Kh7 36. Rf3 Bf8 37. Qxf8 1-0

[Event "Lansing (MOR/2/34)"]
[Site "?"]
[Date "1996.??.??"]
[Round "?"]
[White "Gregg, Ted"]
[Black "Smalec, Joseph"]
[Result "1-0"]
[WhiteElo "1605"]
[BlackElo "1605"]
[PlyCount "37"]
[EventDate "1996.??.??"]

{2/(34)} 1. f4 d5 2. b3 c5 3. e3 e6 4. Bb2 d4 5. Nf3 Nc6 6. Bb5 Bd6 7. g3 Bd7
8. exd4 cxd4 9. Nxd4 Nf6 10. Qf3 Nxd4 11. Bxd7+ Qxd7 12. Bxd4 O-O 13. Bxf6 gxf6
14. Nc3 e5 15. f5 Rfd8 16. Rd1 Ba3 17. Ne4 Rac8 18. c4 b5 19. Nxf6+ 1-0

[Event "Detroit (Class C/1/9)"]
[Site "?"]
[Date "1996.??.??"]
[Round "?"]
[White "Gregg, Ted"]
[Black "Motley, Gerald"]
[Result "0-1"]
[WhiteElo "1605"]
[BlackElo "1605"]
[PlyCount "134"]
[EventDate "1996.??.??"]

{1/(9)} 1. f4 Nf6 2. b3 d5 3. e3 Bf5 4. Nf3 Nbd7 5. Bb2 e6 6. Be2 Be7 7. O-O a6
8. Ne5 c5 9. d3 Rc8 10. Nd2 h6 11. Ndf3 Qb6 12. c4 Ng4 13. Nxg4 Bxg4 14. Ne5
Bxe2 15. Qxe2 Nf6 16. Rf3 h5 17. Rh3 h4 18. g4 Nd7 19. Nf3 Bf6 20. Bxf6 gxf6
21. Rxh4 Rxh4 22. Nxh4 dxc4 23. dxc4 Ke7 24. Rd1 Rg8 25. Kf2 Qc6 26. h3 Rh8 27.
Kg3 Rg8 28. Qd3 f5 29. g5 Nf6 30. Nf3 Ne4+ 31. Kg2 f6 32. h4 fxg5 33. fxg5 Qc7
34. Qd7+ Qxd7 35. Rxd7+ Kxd7 36. Ne5+ Ke7 37. Kf3 b5 38. Nd3 bxc4 39. bxc4 Rh8
40. Ne5 Rg8 41. Kf4 Nc3 42. a3 Ne4 43. Nc6+ Kd6 44. Ne5 Ke7 45. Nc6+ Kf8 46.
Ne5 a5 47. g6 Rh8 48. Nf3 Kg7 49. Ke5 Kxg6 50. Kxe6 Ng3 51. Kd5 Ne4 52. Kc6 a4
53. Kb5 Ra8 54. Ne5+ Kh5 55. Nd7 Kxh4 56. Nb6 Rb8 57. Kc6 Kg4 58. Nxa4 Ra8 59.
Nxc5 Nxc5 60. Kxc5 Rxa3 61. Kd4 Kf3 62. c5 Rxe3 63. c6 Re8 64. Kc5 Kg4 65. Kd6
f4 66. Kd7 Ra8 67. c7 f3 0-1

[Event "Howell (US Am N/4/24)"]
[Site "?"]
[Date "1996.??.??"]
[Round "?"]
[White "Gregg, Ted"]
[Black "Hartwig, Thomas"]
[Result "0-1"]
[WhiteElo "1605"]
[BlackElo "1760"]
[PlyCount "128"]
[EventDate "1996.??.??"]

{4/(24)} 1. f4 d5 2. b3 Nf6 3. e3 Nc6 4. Bb5 Bd7 5. Bxc6 Bxc6 6. Nf3 e6 7. Bb2
Bd6 8. O-O O-O 9. Ne5 Bb5 10. d3 Nd7 11. Nd2 f6 12. Nxd7 Qxd7 13. c4 dxc4 14.
dxc4 Bc6 15. e4 Rad8 16. Bc3 Bc5+ 17. Kh1 Be3 18. Nf3 Qxd1 19. Raxd1 Bxe4 20.
Nd4 Bxd4 21. Bxd4 Bc2 22. Rd2 c5 23. Bc3 Rxd2 24. Bxd2 Rd8 25. Rf2 Bb1 26. a3
Ba2 27. b4 cxb4 28. axb4 Bxc4 29. g3 Rd3 30. Kg2 Bd5+ 31. Kh3 Ra3 32. Be1 f5
33. Rc2 Ra1 34. Bc3 Ra2 35. Rxa2 Bxa2 36. Kg2 Kf7 37. Kf3 h6 38. g4 Bd5+ 39.
Kg3 g6 40. g5 hxg5 41. fxg5 Ke7 42. Be5 b6 43. Kf4 Kd7 44. Ke3 Kc6 45. Kd4 Kb5
46. Kc3 a5 47. bxa5 bxa5 48. Kb2 Kc4 49. h4 Bf3 50. Ka3 Kd5 51. Bc3 f4 52. Bxa5
Bh5 53. Kb3 f3 54. Be1 Kd4 55. Kc2 Ke3 56. Kc3 f2 57. Bxf2+ Kxf2 58. Kd4 Kg3
59. Ke5 Kxh4 60. Kxe6 Kxg5 61. Ke5 Kh4 62. Kf4 g5+ 63. Ke3 Kh3 64. Kf2 Kh2 0-1

[Event "Howell (US Am N/2/48)"]
[Site "?"]
[Date "1996.??.??"]
[Round "?"]
[White "Gregg, Ted"]
[Black "Goerke, Daniel"]
[Result "1-0"]
[WhiteElo "1605"]
[BlackElo "1605"]
[PlyCount "55"]
[EventDate "1996.??.??"]

{2/(48)} 1. f4 Nc6 2. e4 e5 3. Nf3 exf4 4. d4 Nf6 5. e5 Nd5 6. Be2 d6 7. exd6
Qxd6 8. O-O Bg4 9. h3 Bxf3 10. Bxf3 Ne3 11. Bxe3 fxe3 12. c3 g6 13. Qd3 Qf4 14.
Bxc6+ bxc6 15. Rxf4 Bh6 16. Re4+ Kf8 17. Na3 Kg7 18. Nc2 Rae8 19. Rxe8 Rxe8 20.
Re1 Rb8 21. b4 Bf4 22. Nxe3 Re8 23. Nf5+ gxf5 24. Rxe8 h6 25. Qxf5 Bd2 26. Qe5+
Kg6 27. Rg8+ Kh7 28. Qh8# 1-0

[Event "Detroit (Class C/5/12)"]
[Site "?"]
[Date "1996.??.??"]
[Round "?"]
[White "Gregg, Ted"]
[Black "Gibbs, Tony"]
[Result "0-1"]
[WhiteElo "1605"]
[BlackElo "1605"]
[PlyCount "108"]
[EventDate "1996.??.??"]

{5/(12)} 1. f4 d5 2. b3 c5 3. e3 Nf6 4. Bb2 Bf5 5. Nf3 Nc6 6. Bb5 e6 7. O-O Bd6
8. d3 O-O 9. Bxc6 bxc6 10. Ne5 Bxe5 11. Bxe5 Ng4 12. Qe1 Nxe5 13. fxe5 Qg5 14.
Nd2 f6 15. exf6 Rxf6 16. Nf3 Qh5 17. Qh4 Bg6 18. Qxh5 Bxh5 19. Ne5 Rxf1+ 20.
Rxf1 Be8 21. g4 a5 22. Rf4 Rb8 23. Ra4 Ra8 24. Kf2 g5 25. Kg3 h5 26. h3 h4+ 27.
Kf2 Kg7 28. Ke2 Kf6 29. Nf3 Bg6 30. c4 e5 31. Nd2 Ke6 32. e4 Be8 33. a3 Ra7 34.
b4 cxb4 35. axb4 dxc4 36. Nxc4 c5 37. Rxa5 Rxa5 38. bxa5 Bb5 39. Nd2 Ba6 40.
Nf3 Kf6 41. Kd2 c4 42. d4 exd4 43. Nxd4 Ke5 44. Nf3+ Kf4 45. Nd4 Kxe4 46. Ne6
Bc8 47. Nxg5+ Kf4 48. Nf7 Bxg4 49. Ke1 Bxh3 50. Nd6 c3 51. Nc4 Bg4 52. a6 h3
53. Kf2 c2 54. a7 Bf3 0-1

[Event "Lansing (MOR/7/32)"]
[Site "?"]
[Date "1996.??.??"]
[Round "?"]
[White "Gregg, Ted"]
[Black "Feguer, Mike"]
[Result "1-0"]
[WhiteElo "1605"]
[BlackElo "1605"]
[PlyCount "22"]
[EventDate "1996.??.??"]

{7/(32)} 1. f4 e6 2. e3 b6 3. b3 Bb7 4. Nf3 Be7 5. Bb2 Bh4+ 6. g3 g5 7. Bxh8
Bxf3 8. Qxf3 Bxg3+ 9. Qxg3 gxf4 10. Qxg8+ Ke7 11. Bf6+ Kd6 1-0

[Event "Lansing (MOR/4/32)"]
[Site "?"]
[Date "1996.??.??"]
[Round "?"]
[White "Gregg, Ted"]
[Black "DeBlasio, N."]
[Result "0-1"]
[WhiteElo "1605"]
[BlackElo "1605"]
[PlyCount "108"]
[EventDate "1996.??.??"]

{4/(32)} 1. f4 Nf6 2. b3 g6 3. Bb2 Bg7 4. e3 d5 5. Nf3 O-O 6. Be2 c5 7. O-O Nc6
8. Ne5 Qb6 9. d3 Rd8 10. Nd2 Qc7 11. a3 Re8 12. h3 Nd7 13. d4 Ndxe5 14. fxe5
Qb6 15. Nf3 Bh6 16. Bc1 Bf5 17. c3 Be4 18. Nh4 Nd8 19. Bf3 Bg5 20. Bxe4 dxe4
21. Nf5 gxf5 22. Rxf5 Qg6 23. Qg4 Bh6 24. Qxe4 e6 25. Rf4 Bxf4 26. Qxf4 Rc8 27.
Bd2 Nc6 28. Rf1 b6 29. Rf3 Qh5 30. e4 Kf8 31. Qf6 Qg6 32. Bh6+ Kg8 33. Kh2 Qxf6
34. exf6 Ne7 35. fxe7 Rxe7 36. Rg3+ Kh8 37. Bg7+ Kg8 38. Bf6+ Kf8 39. Bxe7+
Kxe7 40. d5 Rf8 41. c4 Kf6 42. Rf3+ Ke7 43. g4 f6 44. Kg3 Rg8 45. Kf4 e5+ 46.
Kg3 h5 47. Rf5 hxg4 48. hxg4 Rg5 49. Kh4 Rxf5 50. gxf5 Kf7 51. b4 b5 52. bxc5
bxc4 53. d6 c3 54. c6 Ke8 0-1

[Event "Detroit (WCO/2/19)"]
[Site "?"]
[Date "1996.??.??"]
[Round "?"]
[White "Grant, Marco"]
[Black "Zarzycki, Katherine"]
[Result "1-0"]
[WhiteElo "1605"]
[BlackElo "1605"]
[PlyCount "36"]
[EventDate "1996.??.??"]

{2/(19)} 1. e4 e5 2. Nf3 Nc6 3. Bc4 Nf6 4. Ng5 d5 5. exd5 Na5 6. Qe2 Nxc4 7.
Qxc4 Nxd5 8. Nf3 Nb6 9. Qb5+ Bd7 10. Qxe5+ Be7 11. Qxg7 Bf6 12. Qh6 Nc4 13. c3
Qe7+ 14. Kd1 O-O-O 15. Re1 Qc5 16. Qxf6 Qxf2 17. Qxf7 Nb6 18. Qb3 Qxg2 {
[Remainder illegible; 1-0, 43?]} 1-0

[Event "Howell (US Am N/1/35)"]
[Site "?"]
[Date "1996.??.??"]
[Round "?"]
[White "Grant, Marco"]
[Black "Redman, D."]
[Result "0-1"]
[WhiteElo "1605"]
[BlackElo "2735"]
[PlyCount "122"]
[EventDate "1996.??.??"]

{1/(35)} 1. e4 d6 2. d4 Nf6 3. Nc3 g6 4. Be3 Bg7 5. Be2 O-O 6. Qd2 c6 7. f4 b5
8. Bd3 Ng4 9. h3 Nxe3 10. Qxe3 Nd7 11. Nf3 Qa5 12. O-O b4 13. Ne2 c5 14. e5 Bb7
15. dxc5 Bxf3 16. Rxf3 dxe5 17. c6 Nc5 18. fxe5 Nxd3 19. cxd3 Qxe5 20. Qxe5
Bxe5 21. d4 Bd6 22. Rc1 e6 23. Rd3 Rac8 24. d5 Rfd8 25. Kh1 Be5 26. Rb3 exd5
27. Rxb4 Kg7 28. Rb7 Rd6 29. Rf1 Rf6 30. Rd1 Rcxc6 31. Rxa7 Rc2 32. Nc3 Rff2
33. Nxd5 Rxb2 34. Re1 Rxg2 35. Rxe5 Rxa2 36. Rxa2 Rxa2 37. Re1 g5 38. Rg1 h6
39. h4 f6 40. hxg5 hxg5 41. Rf1 Ra6 42. Kg2 Rd6 43. Ne3 Kg6 44. Rf3 Re6 45. Kg3
Rc6 46. Kf2 Ra6 47. Nd5 Rd6 48. Ne7+ Kf7 49. Nf5 Ra6 50. Kg3 Kg6 51. Ne3 Ra5
52. Rf2 f5 53. Kg2 g4 54. Kg3 Kg5 55. Rh2 f4+ 56. Kf2 Ra2+ 57. Kg1 Rxh2 58.
Kxh2 fxe3 59. Kg2 Kf4 60. Kf1 Kf3 61. Ke1 e2 0-1

[Event "Howell (US Am N/3/32)"]
[Site "?"]
[Date "1996.??.??"]
[Round "?"]
[White "Grant, Marco"]
[Black "Hanna, Carl"]
[Result "0-1"]
[WhiteElo "1605"]
[BlackElo "1625"]
[PlyCount "58"]
[EventDate "1996.??.??"]

{3/(32)} 1. e4 c5 2. Nf3 e6 3. d4 cxd4 4. Nxd4 Nf6 5. e5 Qa5+ 6. Nc3 Qxe5+ 7.
Be2 Nc6 8. Nf3 Qb8 9. O-O Be7 10. Bd3 d5 11. Re1 Bd7 12. g3 a6 13. Be3 Qc7 14.
a3 Na5 15. b3 Qxc3 16. Bd4 Qc7 17. Qd2 Nc6 18. Qc3 Rc8 19. Be3 Bd6 20. Bg5 Be7
21. Qd2 h6 22. Be3 e5 23. Bf1 d4 24. Bxd4 exd4 25. Re2 Bg4 26. Bg2 O-O 27. Rae1
Bxa3 28. Rd1 Bb4 29. Qxb4 Nxb4 0-1

[Event "Howell (US Am N/3/10)"]
[Site "?"]
[Date "1996.??.??"]
[Round "?"]
[White "Grams, Paul"]
[Black "Wysocki, Jason"]
[Result "1-0"]
[WhiteElo "1800"]
[BlackElo "2105"]
[PlyCount "73"]
[EventDate "1996.??.??"]

{3/(10)} 1. d4 f5 2. Nf3 g6 3. g3 Nf6 4. Bg2 Bg7 5. O-O O-O 6. c3 Qe8 7. Re1 d6
8. Nbd2 e5 9. e4 fxe4 10. Nxe4 Nxe4 11. Rxe4 d5 12. Re2 Bg4 13. dxe5 Rxf3 14.
Qxd5+ Rf7 15. Qxb7 c6 16. Qxa8 Bxe2 17. e6 Rf8 18. Qxa7 Qxe6 19. Bf4 Be5 20.
Qe3 Nd7 21. Qxe2 Qf5 22. Be3 Nf6 23. a4 h5 24. a5 h4 25. g4 Nxg4 26. h3 Nh2 27.
a6 Qd7 28. Qc4+ Kg7 29. Qxh4 Rh8 30. Qxh8+ Kxh8 31. a7 Bc7 32. a8=Q+ Kh7 33.
Qxc6 Qd8 34. Qd5 Qf8 35. Qd7+ Qg7 36. Qxg7+ Kxg7 37. Ra7 1-0

[Event "Howell (US Am N/2/28)"]
[Site "?"]
[Date "1996.??.??"]
[Round "?"]
[White "Grams, Paul"]
[Black "Saenz, Scott"]
[Result "1-0"]
[WhiteElo "1800"]
[BlackElo "1605"]
[PlyCount "137"]
[EventDate "1996.??.??"]

{2/(28)} 1. d4 Nf6 2. c4 e6 3. Nf3 b6 4. Nc3 Bb4 5. a3 Bxc3+ 6. bxc3 O-O 7. Bg5
Ba6 8. e4 d6 9. Bd3 Nbd7 10. O-O c5 11. d5 e5 12. Nh4 h6 13. Be3 Nh7 14. Nf5
Ndf6 15. f4 Bc8 16. fxe5 dxe5 17. h4 Bxf5 18. Rxf5 g6 19. Rf1 h5 20. Bf2 Ng4
21. Bg3 Ne3 22. Qf3 Nxf1 23. Rxf1 f6 24. Be1 Qc8 25. Qe3 Qd7 26. Be2 Qg7 27. g4
hxg4 28. Bxg4 f5 29. Bh3 fxe4 30. Rxf8+ Rxf8 31. Qxe4 Rf4 32. Qd3 Qf6 33. Bg2
Rg4 34. d6 Nf8 35. d7 Qd8 36. Bg3 Qxd7 37. Bd5+ Kg7 38. Kh2 Rxh4+ 39. Bxh4 Qa4
40. Qf3 Qc2+ 41. Kg3 Qf5 42. Be4 Qxf3+ 43. Kxf3 Ne6 44. Bd5 g5 45. Bg3 Nf4 46.
Ke4 Kf6 47. a4 a6 48. Bb7 a5 49. Bc8 g4 50. Bxg4 Ng6 51. Bf5 Ne7 52. Bxe5+ Kf7
53. Bc7 Nxf5 54. Kxf5 Ke7 55. Bxb6 Kd7 56. Bxa5 Kc6 57. Ke5 Kb7 58. Kd5 Ka6 59.
Bb4 Ka7 60. Kxc5 Ka6 61. Kc6 Ka7 62. Kc7 Ka8 63. Kd7 Ka7 64. c5 Kb7 65. c6+ Kb8
66. c7+ Ka7 67. c8=Q Kb6 68. a5+ Ka7 69. Bc5# 1-0

[Event "Howell (US Am N/5/19)"]
[Site "?"]
[Date "1996.??.??"]
[Round "?"]
[White "Grams, Paul"]
[Black "Fredenburg, Jeff"]
[Result "0-1"]
[WhiteElo "1800"]
[BlackElo "1605"]
[PlyCount "102"]
[EventDate "1996.??.??"]

{5/(19)} 1. e4 c5 2. Nf3 e6 3. e5 Nc6 4. c3 d6 5. Bb5 Bd7 6. d4 Qb6 7. Qd3 Rd8
8. dxc5 dxc5 9. c4 Nd4 10. Bxd7+ Rxd7 11. Qc3 Ne7 12. Nbd2 Nec6 13. O-O Be7 14.
Re1 O-O 15. Re4 Rfd8 16. Kf1 Qc7 17. Nxd4 Nxd4 18. f4 Nf5 19. Nf3 Rd3 20. Qc2
Qc6 21. Re2 Rxf3+ 22. gxf3 Qxf3+ 23. Kg1 Nd4 24. Rf2 Nxc2 25. Rxf3 Nxa1 26. Rc3
Rd1+ 27. Kf2 Bh4+ 28. Ke2 Rh1 29. h3 Rh2+ 30. Kd1 Bf2 31. Rd3 Bd4 32. Rd2 Rxh3
33. Re2 Rd3+ 34. Rd2 Rxd2+ 35. Kxd2 Kf8 36. b3 Ke7 37. Ba3 f6 38. Kd3 fxe5 39.
fxe5 h5 40. b4 Bxe5 41. bxc5 Kd7 42. Ke4 Bf6 43. Kd3 Kc6 44. Bb4 g5 45. Bd2 g4
46. Bf4 Kxc5 47. Be3+ Kc6 48. Bxa7 h4 49. Bg1 g3 50. c5 Be7 51. Ke4 Bxc5 0-1

[Event "Detroit (MI Action/2/8)"]
[Site "?"]
[Date "1996.??.??"]
[Round "?"]
[White "Gorman, J."]
[Black "West, Tony"]
[Result "0-1"]
[WhiteElo "1605"]
[BlackElo "1635"]
[PlyCount "39"]
[EventDate "1996.??.??"]

{2/(8)} 1. e4 c5 2. Bc4 Nc6 3. Nf3 e6 4. d4 cxd4 5. Nxd4 Nf6 6. Nxc6 bxc6 7.
Bg5 Be7 8. Nc3 d5 9. exd5 cxd5 10. Qf3 Bd7 11. Nb5 O-O 12. Bd3 Bxb5 13. Qh3
Bxd3 14. Qxd3 Qb6 15. O-O Rfc8 16. h4 h6 17. Bf4 Qb7 18. Qg3 Nh5 19. Qg4 Nxf4
20. Qxf4 0-1

[Event "Detroit (MI Women/1/7)"]
[Site "?"]
[Date "1996.??.??"]
[Round "?"]
[White "Gorman, A."]
[Black "Yancey, Seleana"]
[Result "0-1"]
[WhiteElo "1605"]
[BlackElo "1605"]
[PlyCount "110"]
[EventDate "1996.??.??"]

{1/(7)} 1. e3 e5 2. Bc4 Nf6 3. Nf3 e4 4. Nh4 d5 5. Be2 Nfd7 6. g3 Be7 7. Bg4
Bxh4 8. Bxd7+ Bxd7 9. gxh4 Qxh4 10. d3 O-O 11. dxe4 Qxe4 12. Nc3 Qxh1+ 13. Kd2
Qxd1+ 14. Kxd1 c6 15. e4 Bg4+ 16. Ne2 Bxe2+ 17. Kxe2 dxe4 18. b3 Nd7 19. Ba3
Rfe8 20. Bb2 b5 21. Rd1 Rad8 22. Rg1 g6 23. a4 bxa4 24. bxa4 Nc5 25. Rg5 Nxa4
26. Bf6 Rd5 27. f3 Rxg5 28. Bxg5 exf3+ 29. Kxf3 Nc3 30. Bf6 Nd5 31. Bd4 a5 32.
c4 Nb4 33. Bc5 Re1 34. Kf2 Rc1 35. Ke2 Rxc4 36. Bb6 a4 37. Kd2 Rc2+ 38. Kd1 a3
39. Bd4 Rc4 40. Be5 a2 41. h4 Nc2 42. h5 a1=Q+ 43. Bxa1 Nxa1 44. hxg6 fxg6 45.
Ke2 h5 46. Kf3 h4 47. Kg2 Rc3 48. Kh2 h3 49. Kg1 Kf7 50. Kh2 Kf6 51. Kh1 Rc2
52. Kg1 Kf5 53. Kh1 Ke4 54. Kg1 Kf3 55. Kf1 Rc1# 0-1

[Event "Detroit (Beg/2/6)"]
[Site "?"]
[Date "1996.??.??"]
[Round "?"]
[White "Goode, Randy"]
[Black "Gilsinger, J."]
[Result "0-1"]
[WhiteElo "1605"]
[BlackElo "1605"]
[PlyCount "84"]
[EventDate "1996.??.??"]

{2/(6)} 1. e4 g6 2. Bc4 c6 3. Qf3 Nh6 4. d3 f6 5. Bxh6 Bxh6 6. Qh3 Bg7 7. Nf3
d5 8. Bb3 Bxh3 9. gxh3 Qd7 10. Nc3 Qxh3 11. Nd4 O-O 12. O-O-O Bh6+ 13. Kb1 e5
14. exd5 exd4 15. dxc6+ Kh8 16. cxb7 Nc6 17. bxa8=Q Rxa8 18. Nd5 Bg7 19. Nc7
Rc8 20. Rde1 Ne5 21. Ne6 Qxe6 22. Bxe6 Rc6 23. Bd7 Nxd7 24. Re8+ Nf8 25. Ra8
Rc7 26. a4 Kg8 27. b4 Bh6 28. b5 Bd2 29. Rd1 Ba5 30. Re1 f5 31. Ree8 Rf7 32. h4
Kg7 33. Re1 Bxe1 34. Kc1 Re7 35. f4 Bc3 36. Kb1 Re1+ 37. Ka2 Rh1 38. Rxa7+ Kh6
39. b6 Ra1+ 40. Kb3 Rb1+ 41. Kc4 Rxb6 42. a5 Rb4+ 0-1

[Event "Detroit (Beg/5/13)"]
[Site "?"]
[Date "1996.??.??"]
[Round "?"]
[White "Goode, Randy"]
[Black "Chrzan, Anthony"]
[Result "0-1"]
[WhiteElo "1605"]
[BlackElo "1605"]
[PlyCount "61"]
[EventDate "1996.??.??"]

{5/(13)} 1. c4 e5 2. Nc3 Bc5 3. e4 Nf6 4. g3 d6 5. h3 O-O 6. Bg2 Nc6 7. Nf3 Be6
8. d3 Qd7 9. Bg5 h6 10. Bxf6 gxf6 11. Qd2 Bb4 12. O-O-O f5 13. Qxh6 Bxc3 14.
Ng5 f6 15. Qxf6 Rxf6 16. h4 fxe4 17. Bxe4 Rxf2 18. Bh7+ Kg7 19. bxc3 Rxa2 20.
Rdf1 Ra1+ 21. Kd2 Rxf1 22. Rxf1 a5 23. h5 a4 24. Rh1 Kh6 25. g4 a3 26. Rf1 Kxg5
27. Rh1 a2 28. h6 a1=Q 29. Rxa1 Rxa1 30. Ke3 d5 31. d4 0-1

[Event "Detroit (WCO/4/3)"]
[Site "?"]
[Date "1996.??.??"]
[Round "?"]
[White "Golonka, Stan"]
[Black "Zuniga, Jesus"]
[Result "1/2-1/2"]
[WhiteElo "1930"]
[BlackElo "1605"]
[PlyCount "123"]
[EventDate "1996.??.??"]

{4/(3)} 1. c4 Nf6 2. Nc3 g6 3. g3 d5 4. cxd5 Nxd5 5. Bg2 c6 6. Nf3 Bg7 7. O-O
O-O 8. d4 Bg4 9. h3 Bd7 10. e4 Nf6 11. Re1 Qc8 12. Kh2 h5 13. Bf4 Nh7 14. Qd2
f6 15. h4 Kh8 16. Rac1 Qd8 17. Kg1 Qa5 18. a3 Bg4 19. Nh2 Bd7 20. Nf3 Bg4 21.
Nh2 Bd7 22. Kh1 Qd8 23. Nf3 Bg4 24. Nh2 Bd7 25. Nf1 Qe8 26. Nh2 Qf7 27. Nf3 Bg4
28. Ng1 Na6 29. f3 Bd7 30. Be3 Rad8 31. Rcd1 Qg8 32. Nge2 Nc7 33. Qc1 b6 34. b4
e6 35. Nf4 Qf7 36. Nh3 e5 37. Ne2 exd4 38. Bxd4 Rfe8 39. f4 Ne6 40. Be3 Bf8 41.
Nd4 Be7 42. Qb2 Kg8 43. Ne2 Rc8 44. Rc1 Qf8 45. Red1 Rc7 46. Qa2 Qf7 47. e5
Rec8 48. Be4 f5 49. Bg2 Nd8 50. Qd2 Ne6 51. Qa2 Nd8 52. Qxf7+ Kxf7 53. Rc3 Nf8
54. Rdc1 Nfe6 55. R1c2 Kf8 56. Nc1 Kf7 57. Kg1 Ke8 58. Nb3 Nf7 59. Kf1 Ned8 60.
Ke2 Nh6 61. Bf3 Ng8 62. Kf2 1/2-1/2

[Event "Detroit (Class A/2/6)"]
[Site "?"]
[Date "1996.??.??"]
[Round "?"]
[White "Golonka, Stan"]
[Black "Manion, Tom"]
[Result "1/2-1/2"]
[WhiteElo "1975"]
[BlackElo "1835"]
[PlyCount "59"]
[EventDate "1996.??.??"]

{2/(6)} 1. c4 e5 2. Nc3 Nf6 3. g3 d5 4. cxd5 Nxd5 5. Bg2 Be6 6. Nf3 Nc6 7. d3
Be7 8. O-O O-O 9. Re1 Qd7 10. Ng5 Nxc3 11. bxc3 Bf5 12. Rb1 h6 13. Ne4 b6 14.
Qa4 Rad8 15. Nf6+ Bxf6 16. Bxc6 Qe6 17. Ba3 Be7 18. Bxe7 Qxe7 19. Qxa7 Qc5 20.
Qa4 Qxc3 21. Rec1 Qd2 22. Rc2 Qg5 23. Bf3 Qf6 24. Qb5 Rd7 25. Rc6 Rd6 26. Rxc7
Bxd3 27. exd3 Qxf3 28. Qxe5 Rxd3 29. Re7 Rd2 30. Qe3 1/2-1/2

[Event "Lansing (MI Op/3/11)"]
[Site "?"]
[Date "1996.??.??"]
[Round "?"]
[White "Golonka, Stan"]
[Black "Hankinson, Chris"]
[Result "0-1"]
[WhiteElo "1900"]
[BlackElo "2110"]
[PlyCount "116"]
[EventDate "1996.??.??"]

{3/(11)} 1. c4 b6 2. Nc3 Bb7 3. e4 e6 4. Be2 f5 5. d3 fxe4 6. dxe4 Nf6 7. Bf3
e5 8. Nge2 Be7 9. Ng3 O-O 10. Be3 Bb4 11. Rc1 Nc6 12. O-O Bxc3 13. Rxc3 d6 14.
b3 Ne7 15. Qc1 Qe8 16. Qc2 Bc8 17. Bc1 Qg6 18. Be2 Bb7 19. f3 h5 20. Nh1 h4 21.
Nf2 Nh5 22. h3 Ng3 23. Re1 Nc6 24. Be3 Nd4 25. Bxd4 exd4 26. Rd3 c5 27. Rdd1
Rae8 28. Bd3 Qg5 29. Qd2 Qxd2 30. Rxd2 Nh5 31. Rdd1 Re5 32. Ng4 Re6 33. Bc2 Nf4
34. Bd3 Bc8 35. Rf1 Ng6 36. Rd2 Re7 37. Bc2 Bxg4 38. hxg4 Ne5 39. Bd1 Ref7 40.
Rdf2 g5 41. Be2 Rf6 42. Bd1 R8f7 43. Be2 Kf8 44. Bd1 Ke7 45. Be2 Kd7 46. Bd1
Rf8 47. Be2 Kc6 48. a4 Kb7 49. Bd1 Ka6 50. Be2 Ka5 51. Bd1 Kb4 52. Be2 d3 53.
Bd1 Kc3 54. Ra2 Nxg4 55. Re1 Ne5 56. Re3 g4 57. Kf2 gxf3 58. Rc2+ Kd4 0-1

[Event "Lansing (MI Op/5/24)"]
[Site "?"]
[Date "1996.??.??"]
[Round "?"]
[White "Golonka, Stan"]
[Black "Haluska, James"]
[Result "0-1"]
[WhiteElo "1900"]
[BlackElo "2110"]
[PlyCount "56"]
[EventDate "1996.??.??"]

{5/(24)} 1. c4 Nf6 2. Nc3 g6 3. g3 Bg7 4. e4 d6 5. Bg2 c5 6. Nge2 Nc6 7. O-O h5
8. d3 h4 9. Nd5 e6 10. Nxf6+ Qxf6 11. Rb1 Bd7 12. Be3 e5 13. Nc3 Ne7 14. b4 b6
15. Qd2 Qe6 16. a4 f6 17. Rb2 Kf7 18. a5 Rh7 19. axb6 axb6 20. bxc5 bxc5 21.
Rb6 Rah8 22. Bxc5 Nc8 23. Ra6 hxg3 24. fxg3 Rxh2 25. Qe2 Qe8 26. Bxd6 Nxd6 27.
Rxd6 Qc8 28. Nd5 Qc5+ 0-1